The Individual,Work and Organization / Behavioural Studies for Business and Management (Record no. 936)
[ view plain ]
| 000 -LEADER | |
|---|---|
| fixed length control field | 01950cam a22002174a 4500 |
| 005 - ΗΜΕΡΟΜΗΝΙΑ ΚΑΙ ΩΡΑ ΤΕΛΕΥΤΑΙΑΣ ΕΝΗΜΕΡΩΣΗΣ | |
| Πεδίο ελέγχου | 20250605163950.0 |
| 008 - FIXED-LENGTH DATA ELEMENTS--GENERAL INFORMATION | |
| Πεδίο ελέγχου σταθερού μήκους | 250528s ||||||||||||||||||||||||d |
| 035 ## - SYSTEM CONTROL NUMBER | |
| System control number | 15347 |
| 020 ## - ISBN | |
| ISBN | 198774273 |
| 040 ## - ΠΗΓΗ ΚΑΤΑΛΟΓΟΓΡΑΦΗΣΗΣ | |
| Φορέας πρωτότυπης καταλογογράφησης | MC Athens Campus Library |
| Γλώσσα καταλογογράφησης | Ελληνικά, Μοντέρνα (1453-) |
| Modifying agency | MC Athens Campus Library |
| Κανόνες περιγραφικής καταλογογράφησης | AACR2 |
| 245 1# - ΤΙΤΛΟΣ ΚΑΙ ΔΗΛΩΣΗ ΥΠΕΥΘΥΝΟΤΗΤΑΣ | |
| Τίτλος | The Individual,Work and Organization / Behavioural Studies for Business and Management |
| 250 ## - EDITION STATEMENT | |
| Edition statement | 2nd |
| 260 ## - PUBLICATION, DISTRIBUTION, ETC. | |
| Name of publisher, distributor, etc. | Fincham Robin |
| -- | Oxford University Press, |
| Date of publication, distribution, etc. | 1992 |
| 300 ## - PHYSICAL DESCRIPTION | |
| Extent | 490 |
| 505 0# - FORMATTED CONTENTS NOTE | |
| Formatted contents note | Introduction, The Nature of Behavioural Studies, The Behavioural Science Disciplines, The Individual and Work, Learning, Stress, Individual Differences, Assessing Individual Differences, Motivation and Job Satisfaction, Groups and Work, Social Interaction, Group and Intergroup Behaviour, Leadership, Alternative Work Design, The Sociology of Work, The Control of Work, Conflict and the Employment Relationship, Divisions of Labour, Women and Employment, New Technology, New Systems of Work Organization, Organizations, Structure and Control in Organizations, Structure and Performance in Organizations, Organizational Culture, Power and Organizations, References, Author and Subject Index. |
| 520 ## - SUMMARY, ETC. | |
| Summary, etc. | Introduction, The Nature of Behavioural Studies, The Behavioural Science Disciplines, The Individual and Work, Learning, Stress, Individual Differences, Assessing Individual Differences, Motivation and Job Satisfaction, Groups and Work, Social Interaction, Group and Intergroup Behaviour, Leadership, Alternative Work Design, The Sociology of Work, The Control of Work, Conflict and the Employment Relationship, Divisions of Labour, Women and Employment, New Technology, New Systems of Work Organization, Organizations, Structure and Control in Organizations, Structure and Performance in Organizations, Organizational Culture, Power and Organizations, References, Author and Subject Index. |
| 700 1# - ΠΡΟΣΘΕΤΗ ΑΝΑΓΡΑΦΗ--ΦΥΣΙΚΟ ΠΡΟΣΩΠΟ | |
| Personal name | Rhodes S. Peter |
| 9 (RLIN) | 1248 |
| 942 ## - ADDED ENTRY ELEMENTS (KOHA) | |
| Koha item type | Books |
| Τύπος τεκμηρίου | Βιβλιοθήκη | Τρέχουσα τοποθεσία | Barcode | Αριθμός εισαγωγής | Ημερομηνία απόκτησης | Ταξιθετικό σύμβολο | Αριθμός αντιτύπου | Κατάσταση απόσυρσης | Κατάσταση χαμένου | Κατάσταση κατεστραμμένου | Μη δανεισμός | Σύνολο δανεισμών | Ημερομηνία τελευταίας εμφάνισης | Η τιμή ισχύει από |
|---|---|---|---|---|---|---|---|---|---|---|---|---|---|---|
| Books | MC Athens Campus Library | MC Athens Campus Library | 9780000009357 | 1596 | 05/06/2025 | 658.3 FIN | 1 | 05/06/2025 | 05/06/2025 |